|
|
|
|
| LEADER |
00683cam a2200193 7i4500 |
| 001 |
0000004589 |
| 005 |
20191108090000.0 |
| 008 |
100126 eng |
| 020 |
|
|
|a 0521591252 (hbk.)
|
| 090 |
0 |
0 |
|a QA913
|b .P73 2000
|
| 100 |
1 |
|
|a Pope, Stephen B.
|
| 245 |
1 |
0 |
|a Turbulent flows
|c Stephen B. Pope.
|
| 260 |
|
|
|a Cambridge:
|b Cambridge University Press,
|c 2000.
|
| 300 |
|
|
|a xxxiv, 771 p.:
|b ill.;
|c 26 cm.
|
| 504 |
|
|
|a Includes bibliographical references and index
|
| 650 |
0 |
0 |
|a Turbulence
|
| 997 |
|
|
|a Engineering & Life Sciences, Faculty
|b Engineering, Department
|
| 998 |
|
|
|a Mechanical Engineering, Degree
|
| 999 |
|
|
|a 0000002746
|b BOK
|c OPEN SHELF
|e 2nd Floor, Bestari Jaya
|